World War II Heavy Cruisers of the Imperial Japanese Navy - Statistics

General Stats
  • This quiz has been taken 331 times
  • The average score is 13 of 18
Answer Stats
Class Fate Answer % Correct
Furutaka Sunk October 11, 1942 during the Battle of Cape Esperance Furutaka
100%
Aoba Sunk at Kure Naval Base; July 28, 1945. later scrapped Aoba
98%
Mogami Sunk during Battle of Surigao Strait; October 25, 1944 Mogami
97%
Myoko Scuttled; July 8, 1946 Myoko
97%
Takao Scuttled October 27, 1946 Takao
97%
Tone Sunk at Kure Naval Base; July 24, 1945. Later raised and scrapped Tone
95%
Takao Sunk October 23, 1944 by submarine USS Darter Atago
78%
Tone Sunk during Battle off Samar; October 25, 1944 Chikuma
72%
Takao Sunk October 23, 1944 by submarine USS Dace Maya
70%
Furutaka Sunk August 10, 1942 by submarine USS S-44 Kako
67%
Takao Sunk as result of actions at Battle off Samar; October 25, 1944 Chokai
65%
Mogami Sunk during Battle of Midway; June 5, 1942 Mikuma
63%
Myoko Sunk by American aircraft; November 4, 1944 Nachi
59%
Mogami Sunk during Battle off Samar; October 25, 1944 Suzuya
58%
Myoko Sunk at the Battle of the Malacca Strait; May 16, 1945 Haguro
57%
Myoko Sunk June 8, 1945 by submarine HMS Trenchant Ashigara
54%
Mogami Sunk by aircraft from USS Ticonderoga; November 25, 1944 Kumano
53%
Aoba Sunk November 14, 1942 during the Naval Battle of Guadalcanal Kinugasa
49%
No matching quizzes found
Score Distribution
Percent of People with Each Score
Percentile by Number Answered
Your Score History
You have not taken this quiz